<?xml version="1.0" encoding="UTF-8"?>
<collection xmlns="http://www.loc.gov/MARC21/slim">
 <record>
  <leader>04382cam a2200781   4500</leader>
  <controlfield tag="001">225027194</controlfield>
  <controlfield tag="003">DE-627</controlfield>
  <controlfield tag="005">20241214204745.0</controlfield>
  <controlfield tag="007">tu</controlfield>
  <controlfield tag="008">970303s1996    gw ||||| m    00| ||ger c</controlfield>
  <datafield tag="010" ind1=" " ind2=" ">
   <subfield code="a">   96226167 </subfield>
  </datafield>
  <datafield tag="015" ind1=" " ind2=" ">
   <subfield code="a">98,H04,2263</subfield>
   <subfield code="2">dnb</subfield>
  </datafield>
  <datafield tag="016" ind1="7" ind2=" ">
   <subfield code="a">952709104</subfield>
   <subfield code="2">DE-101</subfield>
  </datafield>
  <datafield tag="020" ind1=" " ind2=" ">
   <subfield code="a">3929135094</subfield>
   <subfield code="9">3-929135-09-4</subfield>
  </datafield>
  <datafield tag="035" ind1=" " ind2=" ">
   <subfield code="a">(DE-627)225027194</subfield>
  </datafield>
  <datafield tag="035" ind1=" " ind2=" ">
   <subfield code="a">(DE-576)055118453</subfield>
  </datafield>
  <datafield tag="035" ind1=" " ind2=" ">
   <subfield code="a">(DE-599)GBV225027194</subfield>
  </datafield>
  <datafield tag="035" ind1=" " ind2=" ">
   <subfield code="a">(OCoLC)37662954</subfield>
  </datafield>
  <datafield tag="035" ind1=" " ind2=" ">
   <subfield code="a">(OCoLC)37662954</subfield>
  </datafield>
  <datafield tag="035" ind1=" " ind2=" ">
   <subfield code="a">(OCoLC)1078743244</subfield>
  </datafield>
  <datafield tag="040" ind1=" " ind2=" ">
   <subfield code="a">DE-627</subfield>
   <subfield code="b">ger</subfield>
   <subfield code="c">DE-627</subfield>
   <subfield code="e">rakwb</subfield>
  </datafield>
  <datafield tag="041" ind1=" " ind2=" ">
   <subfield code="a">ger</subfield>
   <subfield code="a">lat</subfield>
  </datafield>
  <datafield tag="044" ind1=" " ind2=" ">
   <subfield code="c">XA-DE</subfield>
  </datafield>
  <datafield tag="050" ind1=" " ind2="0">
   <subfield code="a">ND588.G7</subfield>
  </datafield>
  <datafield tag="082" ind1="0" ind2=" ">
   <subfield code="a">759.3</subfield>
   <subfield code="q">OCLC</subfield>
  </datafield>
  <datafield tag="084" ind1=" " ind2=" ">
   <subfield code="a">46</subfield>
   <subfield code="2">sdnb</subfield>
  </datafield>
  <datafield tag="084" ind1=" " ind2=" ">
   <subfield code="a">9,10</subfield>
   <subfield code="a">1</subfield>
   <subfield code="2">ssgn</subfield>
  </datafield>
  <datafield tag="084" ind1=" " ind2=" ">
   <subfield code="a">LI 36709</subfield>
   <subfield code="2">rvk</subfield>
   <subfield code="0">(DE-625)rvk/96165:13287</subfield>
  </datafield>
  <datafield tag="084" ind1=" " ind2=" ">
   <subfield code="a">20.31</subfield>
   <subfield code="2">bkl</subfield>
  </datafield>
  <datafield tag="100" ind1="1" ind2=" ">
   <subfield code="a">Hubach, Hanns</subfield>
   <subfield code="d">1961-</subfield>
   <subfield code="e">VerfasserIn</subfield>
   <subfield code="0">(DE-588)118094181</subfield>
   <subfield code="0">(DE-627)079240119</subfield>
   <subfield code="0">(DE-576)291712614</subfield>
   <subfield code="4">aut</subfield>
  </datafield>
  <datafield tag="245" ind1="1" ind2="0">
   <subfield code="a">Matthias Grünewald: der Aschaffenburger Maria-Schnee-Altar</subfield>
   <subfield code="b">Geschichte, Rekonstruktion, Ikonographie ; mit einem Exkurs zur Geschichte der Maria Schnee-Legende, ihrer Verbreitung und Illustrationen</subfield>
   <subfield code="c">Hanns Hubach</subfield>
  </datafield>
  <datafield tag="264" ind1=" " ind2="1">
   <subfield code="a">Mainz</subfield>
   <subfield code="b">Selbstverl. der Gesellschaft für Mittelrheinische Kirchengeschichte</subfield>
   <subfield code="c">1996</subfield>
  </datafield>
  <datafield tag="300" ind1=" " ind2=" ">
   <subfield code="a">344, XVI, [91] Seiten</subfield>
   <subfield code="b">Illustrationen</subfield>
  </datafield>
  <datafield tag="336" ind1=" " ind2=" ">
   <subfield code="a">Text</subfield>
   <subfield code="b">txt</subfield>
   <subfield code="2">rdacontent</subfield>
  </datafield>
  <datafield tag="337" ind1=" " ind2=" ">
   <subfield code="a">ohne Hilfsmittel zu benutzen</subfield>
   <subfield code="b">n</subfield>
   <subfield code="2">rdamedia</subfield>
  </datafield>
  <datafield tag="338" ind1=" " ind2=" ">
   <subfield code="a">Band</subfield>
   <subfield code="b">nc</subfield>
   <subfield code="2">rdacarrier</subfield>
  </datafield>
  <datafield tag="490" ind1="1" ind2=" ">
   <subfield code="a">Quellen und Abhandlungen zur mittelrheinischen Kirchengeschichte</subfield>
   <subfield code="v">77</subfield>
  </datafield>
  <datafield tag="500" ind1=" " ind2=" ">
   <subfield code="a">Texte teilw. lat</subfield>
  </datafield>
  <datafield tag="502" ind1=" " ind2=" ">
   <subfield code="a">Zugl.: Heidelberg, Univ., Diss., 1994</subfield>
  </datafield>
  <datafield tag="583" ind1="1" ind2=" ">
   <subfield code="a">Archivierung/Langzeitarchivierung gewährleistet</subfield>
   <subfield code="f">DISS</subfield>
   <subfield code="x">XA-DE-BW</subfield>
   <subfield code="2">pdager</subfield>
   <subfield code="5">DE-16</subfield>
  </datafield>
  <datafield tag="583" ind1="1" ind2=" ">
   <subfield code="a">Archivierung/Langzeitarchivierung gewährleistet</subfield>
   <subfield code="f">SSG</subfield>
   <subfield code="x">XA-DE-BW</subfield>
   <subfield code="2">pdager</subfield>
   <subfield code="5">DE-21</subfield>
  </datafield>
  <datafield tag="583" ind1="1" ind2=" ">
   <subfield code="a">Archivierung/Langzeitarchivierung gewährleistet</subfield>
   <subfield code="f">SSG</subfield>
   <subfield code="x">XA-DE-BW</subfield>
   <subfield code="2">pdager</subfield>
   <subfield code="5">DE-16</subfield>
  </datafield>
  <datafield tag="583" ind1="1" ind2=" ">
   <subfield code="a">Archivierung prüfen</subfield>
   <subfield code="c">20240324</subfield>
   <subfield code="f">DE-4165</subfield>
   <subfield code="z">3</subfield>
   <subfield code="2">pdager</subfield>
  </datafield>
  <datafield tag="600" ind1="1" ind2="0">
   <subfield code="a">Grünewald, Matthias</subfield>
   <subfield code="d">active 16th century</subfield>
   <subfield code="t">Maria-Schnee Altar</subfield>
  </datafield>
  <datafield tag="600" ind1="1" ind2="0">
   <subfield code="a">Mary</subfield>
   <subfield code="c">Blessed Virgin, Saint</subfield>
   <subfield code="x">Art</subfield>
  </datafield>
  <datafield tag="600" ind1="1" ind2="0">
   <subfield code="a">Jesus Christ</subfield>
   <subfield code="x">Art</subfield>
  </datafield>
  <datafield tag="650" ind1=" " ind2="0">
   <subfield code="a">Panel painting, German</subfield>
   <subfield code="x">Expertising</subfield>
  </datafield>
  <datafield tag="655" ind1=" " ind2="7">
   <subfield code="a">Hochschulschrift</subfield>
   <subfield code="0">(DE-588)4113937-9</subfield>
   <subfield code="0">(DE-627)105825778</subfield>
   <subfield code="0">(DE-576)209480580</subfield>
   <subfield code="2">gnd-content</subfield>
  </datafield>
  <datafield tag="689" ind1="0" ind2="0">
   <subfield code="d">u</subfield>
   <subfield code="0">(DE-588)4443978-7</subfield>
   <subfield code="0">(DE-627)225133970</subfield>
   <subfield code="0">(DE-576)212472259</subfield>
   <subfield code="a">Grünewald, Matthias</subfield>
   <subfield code="d">1480-1528</subfield>
   <subfield code="t">Maria-Schnee-Altar</subfield>
   <subfield code="2">gnd</subfield>
  </datafield>
  <datafield tag="689" ind1="0" ind2="1">
   <subfield code="d">u</subfield>
   <subfield code="0">(DE-588)4254846-9</subfield>
   <subfield code="0">(DE-627)104686685</subfield>
   <subfield code="0">(DE-576)210542594</subfield>
   <subfield code="a">Grünewald, Matthias</subfield>
   <subfield code="d">1480-1528</subfield>
   <subfield code="t">Stuppacher Madonna</subfield>
   <subfield code="2">gnd</subfield>
  </datafield>
  <datafield tag="689" ind1="0" ind2=" ">
   <subfield code="5">DE-101</subfield>
  </datafield>
  <datafield tag="700" ind1="1" ind2=" ">
   <subfield code="a">Grünewald, Matthias</subfield>
   <subfield code="d">1480-1528</subfield>
   <subfield code="e">KünstlerIn</subfield>
   <subfield code="0">(DE-588)118542907</subfield>
   <subfield code="0">(DE-627)079341675</subfield>
   <subfield code="0">(DE-576)161220290</subfield>
   <subfield code="4">art</subfield>
  </datafield>
  <datafield tag="751" ind1=" " ind2=" ">
   <subfield code="a">Heidelberg</subfield>
   <subfield code="0">(DE-588)4023996-2</subfield>
   <subfield code="0">(DE-627)106300814</subfield>
   <subfield code="0">(DE-576)208952578</subfield>
   <subfield code="4">uvp</subfield>
  </datafield>
  <datafield tag="776" ind1="0" ind2="8">
   <subfield code="i">Erscheint auch als</subfield>
   <subfield code="n">Online-Ausgabe</subfield>
   <subfield code="a">Hubach, Hanns, 1961 - </subfield>
   <subfield code="t">Schriften von Hanns Hubach ; 4: Matthias Grünewald, der Aschaffenburger Maria-Schnee-Altar</subfield>
   <subfield code="d">Mainz : Selbstverl. d. Ges. für Mittelrhein. Kirchengeschichte, 1996</subfield>
   <subfield code="h">344, XVI, [91] S.</subfield>
   <subfield code="w">(DE-627)1469629089</subfield>
   <subfield code="w">(DE-576)399629084</subfield>
  </datafield>
  <datafield tag="787" ind1="0" ind2="8">
   <subfield code="i">Rezension</subfield>
   <subfield code="a">Hannmann, Eckart, 1940 - </subfield>
   <subfield code="t">Hanns, Hubachk, Matthias Grünewald, Der Aschaffenburger Maria-Schnee-Altar</subfield>
   <subfield code="d">1998</subfield>
   <subfield code="w">(DE-627)1473692784</subfield>
   <subfield code="w">(DE-576)403692784</subfield>
  </datafield>
  <datafield tag="787" ind1="0" ind2="8">
   <subfield code="i">Rezension</subfield>
   <subfield code="a">Nicolaisen, Jan, 1963 - </subfield>
   <subfield code="t">[Rezension von: Hanns Hubach, Matthias Grünewald, Der Aschaffenburger Maria-Schnee-Altar]</subfield>
   <subfield code="d">1998</subfield>
   <subfield code="w">(DE-627)1539411842</subfield>
   <subfield code="w">(DE-576)469411848</subfield>
  </datafield>
  <datafield tag="830" ind1=" " ind2="0">
   <subfield code="a">Quellen und Abhandlungen zur mittelrheinischen Kirchengeschichte</subfield>
   <subfield code="v">77</subfield>
   <subfield code="9">77</subfield>
   <subfield code="w">(DE-627)130184543</subfield>
   <subfield code="w">(DE-576)015728528</subfield>
   <subfield code="w">(DE-600)527559-3</subfield>
   <subfield code="x">0480-7480</subfield>
   <subfield code="7">ns</subfield>
  </datafield>
  <datafield tag="856" ind1="4" ind2="2">
   <subfield code="u">http://d-nb.info/952709104/04</subfield>
   <subfield code="m">V:DE-603</subfield>
   <subfield code="q">application/pdf</subfield>
   <subfield code="v">20130501</subfield>
   <subfield code="x">Verlag</subfield>
   <subfield code="3">Inhaltsverzeichnis</subfield>
  </datafield>
  <datafield tag="889" ind1=" " ind2=" ">
   <subfield code="w">(DE-627)468608125</subfield>
  </datafield>
  <datafield tag="935" ind1=" " ind2=" ">
   <subfield code="a">mteo</subfield>
  </datafield>
  <datafield tag="935" ind1=" " ind2=" ">
   <subfield code="i">Blocktest</subfield>
  </datafield>
  <datafield tag="936" ind1="r" ind2="v">
   <subfield code="a">LI 36709</subfield>
   <subfield code="b">Monographien und Bildbände zu einzelnen Kunstwerken</subfield>
   <subfield code="k">Kunstgeschichte</subfield>
   <subfield code="k">Künstler-Monografien</subfield>
   <subfield code="k">Alphabetische Künstlerliste</subfield>
   <subfield code="k">Künstler G</subfield>
   <subfield code="k">Grünewald, Matthias (bis LI 36710)</subfield>
   <subfield code="k">Monographien und Bildbände zu einzelnen Kunstwerken</subfield>
   <subfield code="0">(DE-627)1271565870</subfield>
   <subfield code="0">(DE-625)rvk/96165:13287</subfield>
   <subfield code="0">(DE-576)201565870</subfield>
  </datafield>
  <datafield tag="936" ind1="b" ind2="k">
   <subfield code="a">20.31</subfield>
   <subfield code="j">Bildende Künstler</subfield>
   <subfield code="0">(DE-627)181571080</subfield>
  </datafield>
  <datafield tag="951" ind1=" " ind2=" ">
   <subfield code="a">BO</subfield>
  </datafield>
  <datafield tag="990" ind1=" " ind2=" ">
   <subfield code="a">Grünewald, Matthias / Maria-Schnee-Altar</subfield>
  </datafield>
  <datafield tag="990" ind1=" " ind2=" ">
   <subfield code="a">Grünewald, Matthias / Stuppacher Madonna</subfield>
  </datafield>
  <datafield tag="991" ind1=" " ind2=" ">
   <subfield code="a">Rezensiertes Werk</subfield>
  </datafield>
  <datafield tag="999" ind1=" " ind2=" ">
   <subfield code="a">KXP-PPN225027194</subfield>
   <subfield code="e">4012662627</subfield>
  </datafield>
 </record>
</collection>
